00591 2200217 4500001002100000005001500021035002000036007000300056008004100059020002200100082001100122084001800133100001200151245009400163250001400257260003900271300002400310990001300334990001300347990001300360INLIS00000000000641620201221111145 a0010-1220000808ta201221 g 0 ind  a978-602-18785-8-3 a297.26 a297.26 BAR i0 aBARNAWI1 aILMU PENDIDIKAN ISLAM :bRancang bangun konsep pendidikan monokotomik-holistik /cBARNAWI aCetakan I aYOGYAKARTA :bAR-RUZZ MEDIA,c2020 a256 ;c14,8 x 21 cm a79117911 a79117911 a79117911